000 01048nam a22003857a 4500
001 BR2010004475
003 BR-BrBNA
005 20230928103546.0
007 ta
008 230509b bl.||||| |||| 00| 0 por d
040 _aBR-BrBNA
_bpor
_cBiblioteca Nacional de Agricultura
041 _a(Por)
072 _aH20
_b0210
_b4120
090 _ 0210 BR2010004475
100 1 _aMiranda Filho, H.S.
110 1 _aAssociação Brasileira da Batata, Itapetininga, SP (Brasil)
_9774
245 1 _aRizoctoniose da batata no Brasil
_bPublicação Técnica
260 3 _aItapetininga, SP (Brasil):
_c2004.
300 _a39 p.
500 _a18 illus
650 _aHOSPEDEIRO VEGETAL
650 _aBATATA
650 _aSINTOMA
650 _aRHIZOCTONIA SOLANI
650 _aQUEIMA DA SAIA
650 _aFUNGO
650 _aDOENÇA DE PLANTA
650 _aCAULE
650 _aTUBÉRCULO
650 _aETIOLOGIA
650 _aEPIDEMIOLOGIA
650 _aROTAÇÃO DE CULTURA
909 _a202309
_bLucia
_c55
_dLucia Elande
942 _cBK
999 _c75606
_d75606